Cricket Boards by Logo - Statistics

General Stats
  • This quiz has been taken 54 times
  • The average score is 6 of 16
Answer Stats
Picture Answer % Correct
International Cricket Council
96%
Board of Cricket for Control in India
81%
Pakistan Cricket Board
52%
England and Wales Cricket Board
46%
Bangladesh Cricket Board
44%
Cricket Australia
44%
New Zealand Cricket
40%
South Africa Cricket
35%
Cricket Ireland
31%
Sri Lanka Cricket
29%
West Indies Cricket
25%
Royal Dutch Cricket Association
19%
USA Cricket
19%
Zimbabwe Cricket
19%
Cricket Scotland
13%
Asian Cricket Council
8%
No matching quizzes found
Score Distribution
Percent of People with Each Score
Percentile by Number Answered
Your Score History
You have not taken this quiz